|
|
|
|
| LEADER |
00000nab#a22000007a#4500 |
| 001 |
arbauad007820 |
| 003 |
AR-BaUAD |
| 005 |
20250711110849.0 |
| 008 |
941219|||||||||###||||||b###|0###a|spa|| |
| 040 |
|
|
|a AR-BaUAD
|c AR-BaUAD
|b spa
|
| 100 |
|
|
|a Paczowski, Bohdan
|
| 245 |
|
|
|a Gout local. Curiex concours à Copenhague /
|c Bohdan Paczowski;
|
| 300 |
0 |
|
|b fot.
|
| 653 |
|
|
|a COPENHAGUE
|
| 653 |
|
|
|a CONCURSOS
|
| 653 |
|
|
|a ESCUELAS DE MUSICA
|
| 653 |
|
|
|a DINAMARCA
|
| 773 |
0 |
|
|t L'arch. d'aujourd'hui
|g no. 293 [jul. 1994], p. 66-69
|
| 942 |
|
|
|c ARTI
|
| 952 |
|
|
|0 0
|1 0
|4 0
|7 0
|9 52740
|a AR-BAuAD
|b AR-BAuAD
|d 2025-07-11
|l 0
|p AAQA007820
|r 2025-07-11 11:08:49
|w 2025-07-11
|y ARTI
|
| 990 |
|
|
|a AQ199
|b TD
|
| 998 |
|
|
|a AAQ
|b BIBUN76
|
| 999 |
|
|
|c 32413
|d 32413
|